|
|
|
|
| LEADER |
00938nam a2200253 a 4500 |
| 001 |
c000416624 |
| 003 |
CARM |
| 005 |
00000000000000.0 |
| 008 |
s1959 hu ab b 00010 eng d |
| 019 |
1 |
|
|a 3472050
|
| 035 |
|
|
|a (OCoLC)215227014
|
| 035 |
|
|
|a (vdu).b11714608
|
| 040 |
|
|
|a VDU
|c VDU
|
| 043 |
|
|
|a a-pp---
|
| 082 |
0 |
4 |
|a 709.011
|2 19
|
| 100 |
1 |
|
|a Bodrogi, Tibor.
|
| 245 |
1 |
0 |
|a New Guinean style provinces :
|b the style province "Astrolabe Bay" /
|c T. Bodrogi.
|
| 260 |
0 |
|
|a Budapest :
|b Akadémiai Kiadó,
|c 1959.
|
| 300 |
|
|
|a 39-99 p. :
|b ill., map. ;
|c 25 cm.
|
| 500 |
|
|
|a Detached from : Opuscula ethnologica memoriae Ludovici Biró sacra/ed. Tibor Bodrogi. Budapest Akadémiai Kiadó. 1959.
|
| 504 |
|
|
|a Bibliography: p. 97-99.
|
| 650 |
|
0 |
|a Ethnology
|z Papua New Guinea
|z Astrolabe Bay.
|
| 650 |
|
0 |
|a Art, Primitive
|z Papua New Guinea
|z Astrolabe Bay.
|
| 999 |
f |
f |
|i ed8446b1-d2c6-59e1-9e30-2dbc67bd655c
|s e4dabac0-fdf6-5c8a-b586-e1240c90c95c
|